000
00342nam a2200133Ia 4500
008
151001s9999||||xx |||||||||||||| ||und||
100
_a
आनंदहरी
245
_a
पाउलखुणा
250
_a
2
260
_b
"अरिहत प्रकाशन ,पुणे"
260
_c
2013
300
_a
192
365
_b
21
999
_c
1001132
_d
1001129